| Tag |
First Indicator |
Second Indicator |
Subfields |
| LEADER |
00000cam a22000008a 4500 |
| 001 |
in00000760331 |
| 005 |
20151017052343.0 |
| 008 |
881205s1989 mdu 00011 eng |
| 010 |
|
|
|a 88046062
|
| 020 |
|
|
|a 0801838231 (alk. paper)
|
| 035 |
|
|
|a (OCoLC)18907506
|
| 035 |
|
|
|9 ADK9936AM
|
| 040 |
|
|
|a DLC
|c DLC
|d TXA
|d UtOrBLW
|
| 049 |
|
|
|a TXAM
|c [A11761014]
|
| 050 |
0 |
0 |
|a PS3569.H454
|b E94 1989
|
| 082 |
0 |
|
|a 813/.54
|2 19
|
| 100 |
1 |
|
|a Sherwood, Frances,
|d 1940-
|
| 245 |
1 |
0 |
|a Everything you've heard is true :
|b short stories /
|c by Frances Sherwood.
|
| 263 |
|
|
|a 8904
|
| 264 |
|
1 |
|a Baltimore :
|b Johns Hopkins University Press,
|c [1989]
|
| 264 |
|
4 |
|c ©1989
|
| 300 |
|
|
|a 119 pages
|
| 336 |
|
|
|a text
|b txt
|2 rdacontent
|
| 337 |
|
|
|a unmediated
|b n
|2 rdamedia
|
| 338 |
|
|
|a volume
|b nc
|2 rdacarrier
|
| 490 |
1 |
|
|a Johns Hopkins, poetry and fiction
|
| 505 |
0 |
|
|a Arrowheads -- The red fridge -- Human behavior -- Communiqué -- Lessons in love -- Me at the gas station -- History -- Best minds -- The cat woman and the frog prince -- Collect calls -- Everything you've heard is true.
|
| 830 |
|
0 |
|a Johns Hopkins, poetry and fiction.
|
| 999 |
|
|
|a MARS
|
| 999 |
f |
f |
|s 75542e2a-91d7-37cd-9577-bbd29e1fdd55
|i c5ba5e66-1fd0-30d7-8613-bb16551abb69
|t 0
|
| 952 |
f |
f |
|p ric
|a Texas A&M University
|b Rellis Campus
|c Joint Library Facility
|d Remote Storage
|t 0
|e PS3569.H454 E94 1989
|h Library of Congress classification
|i unmediated -- volume
|m A14811761014
|
| 998 |
f |
f |
|a PS3569.H454 E94 1989
|t 0
|l Remote Storage
|